| 000 | 01049cam a22003257a 4500 | ||
|---|---|---|---|
| 003 | CHAP | ||
| 005 | 20220817043305.0 | ||
| 008 | 971013s1970 r 00010 spa d | ||
| 010 | _a70785 | ||
| 011 | _a71757 | ||
| 035 | _a81311 | ||
| 040 | _cCHAP | ||
| 090 | _aFolleto 1033 (1970) | ||
| 100 | 0 | 0 |
_aAgraz García, Abraham Angel. _91159 |
| 245 | 1 | 3 | _aLa cabra y la conservación de los recursos naturales |
| 250 | _a2 ed. | ||
| 260 |
_aMéxico, D. F. : _bDepartamento de Ganado Caprino, _c1970 |
||
| 300 |
_a81 p. _b: ilus. ; mapa |
||
| 590 |
_aBATCH-UPD _b10 _c20130109 _lUCH01 _h2359 |
||
| 590 |
_aBATCH-UPD _b10 _c20130110 _lUCH01 _h1950 |
||
| 590 |
_aBATCH-UPD _b10 _c20130409 _lUCH01 _h1934 |
||
| 590 |
_aBATCH-UPD _b10 _c20130410 _lUCH01 _h1311 |
||
| 590 |
_aBATCH-UPD _b10 _c20130913 _lUCH01 _h1956 |
||
| 590 |
_aCONVERSION _b10 _c20130109 _lUCH01 _h1339 |
||
| 650 | 1 | 4 |
_aGanado cabrío. _944988 |
| 650 | 1 | 4 |
_aRecursos naturales _xConservación. |
| 901 | _aBK | ||
| 942 | _cFOLL | ||
| 949 |
_aFolleto 1033 (1970) _bBC _cFOLL _d-34581 _eTS1 _i81311 _si |
||
| 999 |
_c70785 _d70785 |
||